Diccionario francés-español y español-francés /

Guardado en:
Autor Principal: Alcalá Zamora, Pedro De
Formato: Libro
Publicado: España : Sopena, 1936
Materias:
Etiquetas: Agregar Etiqueta
Sin Etiquetas, Sea el primero en etiquetar este registro!
LEADER 00580nam a22002055a 4500
001 CEM.cems007201
005 20060214000000.0
008 130507s1936##################000#0#####d
003 CEMS
082 0 4 |a C443.6 
100 1 |a Alcalá Zamora, Pedro De 
245 1 0 |a Diccionario francés-español y español-francés / 
260 |a España :  |b Sopena,  |c 1936 
300 |a 510 p. 
653 |a Diccionarios 
653 |a Diccionarios bilingues 
653 |a Frances 
653 |a Frances-diccionarios 
653 |a Linguistica 
859 |a CEMS  |b BIB. CEMS - 11 de abril  |h C443.6  |i AL16  |p 1147.73  |t Ej.1